000
00340pam a2200157a 44500
008
230515b2007 xxu||||| |||| 00| 0 eng d
020
_a
NULL
041
_a
MARATHI
082
_a
830 MAH
100
_a
S G MAHAJAN
245
_a
YASHOGATHA DYNANSADHENECHI
250
_a
1
260
_a
NULL
_b
NA
_c
2007
300
_a
300
650
_a
NULL
999
_c
640949
_d
640949